000
00473nam a2200169Ia 4500
008
090711s9999 xx 000 0 und d
082
_b
71024
100
_a
कर्णिक हेमंत
245
_a
साद पडसाद
260
_c
1993
300
_a
170
600
_a
कर्णिक हेमंत
630
_a
साद पडसाद
700
_a
कर्णिक हेमंत
730
_a
साद पडसाद
942
_c
BOOK
999
_c
304607
_d
304607